LEADER 01286nam 2200313Ia 450 001 996396747603316 005 20221108082616.0 035 $a(CKB)4330000000334049 035 $a(EEBO)2264200819 035 $a(OCoLC)12992017 035 $a(EXLCZ)994330000000334049 100 $a19860108d1656 uy | 101 0 $aeng 135 $aurbn||||a|bb| 200 12$aA table of the suns true place, right-ascension, and declination, for the present and next ensuing times$b[electronic resource] $emade according to many exact observations of the sunne, taken in severall years last past in the Somer Islands, in the latitude of 32 deg. 20 min., finding the suns greatest declination not to exceed 23 de. 30 m. /$fby Richard Norwood .. 210 $aLondon $cPrinted for George Hurlock ...$d1656 215 $a[100] p. of tables 300 $aReproduction of original in University of Michigan Libraries. 330 $aeebo-0171 607 $aSun$vTables 700 $aNorwood$b Richard$f1590?-1675.$01003522 801 0$bEAA 801 1$bEAA 801 2$bm/c 801 2$bWaOLN 906 $aBOOK 912 $a996396747603316 996 $aA table of the suns true place, right-ascension, and declination, for the present and next ensuing times$92334706 997 $aUNISA